Stunning Courtyard Moments Quiz Stats

 Plays Quiz not verified by Sporcle

Also try: Word Ladder: Pixar
Challenge
Share
Tweet
Embed
Score 0/9 Timer 05:00
0 Plays Today
Quotes Complete the Quote % Correct
What Disney character did Wheeler mistake for her aunt?Pepper Ann
88.9%
I just got a rush of _______.Euphoria
88.9%
Wheeler had a fixation with _____ symbols.Phallic
88.9%
Wheeler liked to eat ______ out of cups.ice cream
88.9%
Whose boobs did Wheeler want to motorboat?Taylor
88.9%
Maybe he said I wouldn't buy her breakfast at __________ anymore.Tiffany's
77.8%
What, according to Wheeler, smelled like a hotel breakfast?Wright Hall elevator
77.8%
Who did Wheeler have a lesbian crush on when intoxicated?Gregory
77.8%
______ is a bottle of **** you put in your ass to remove the **** from your ass.Naponzey
66.7%

You're not logged in!

Compare scores with friends on all Sporcle quizzes.
Join for Free
OR
Log In

You Might Also Like...

Show Comments

Extras

Created Aug 12, 2010ReportFavoriteNominate

Top Quizzes Today


Score Distribution

Your Account Isn't Verified!

In order to create a playlist on Sporcle, you need to verify the email address you used during registration. Go to your Sporcle Settings to finish the process.

Report this User

Report this user for behavior that violates our Community Guidelines.

Details: